[Event "IECG RN.2002.0.00012"]
[Site "IECG email"]
[Date "2002.01.29"]
[Round "?"]
[White "Kipasso, Pablo"]
[Black "Beaver, Michael Andrew"]
[Result "1-0"]
[WhiteElo "800"]
[BlackElo "903"]
[PlyCount "29"]
[EventDate "2002.01.29"]
[EventType "tourn (corr)"]
[EventRounds "6"]
[SourceTitle "Corr 2008"]
[Source "ChessBase"]
[SourceDate "2008.06.24"]
[SourceVersion "1"]
[SourceVersionDate "2008.06.24"]
[SourceQuality "1"]

1. e4 e5 2. f4 exf4 3. Nf3 Nf6 4. e5 Nd5 5. Bc4 c6 6. d4 f6 7. Bxd5 cxd5 8. Nc3 Bb4 9. 0-0 Bxc3 10. bxc3 g5 11. Nxg5 fxg5 12. Qh5+ Kf8 13. Bxf4 Qe8 14. Bxg5+ Kg7 15. Bh6+ 1-0

[Event "IECG RN.2002.0.00012"]
[Site "IECG email"]
[Date "2002.01.29"]
[Round "?"]
[White "Lehnert, Ronald"]
[Black "Kipasso, Pablo"]
[Result "1-0"]
[WhiteElo "800"]
[BlackElo "800"]
[PlyCount "79"]
[EventDate "2002.01.29"]
[EventType "tourn (corr)"]
[EventRounds "6"]
[SourceTitle "Corr 2008"]
[Source "ChessBase"]
[SourceDate "2008.06.24"]
[SourceVersion "1"]
[SourceVersionDate "2008.06.24"]
[SourceQuality "1"]

1. d4 Nf6 2. c4 e5 3. dxe5 Ng4 4. Nf3 Bc5 5. e3 Nc6 6. Bd2 0-0 7. Bc3 d6 8. exd6 Qxd6 9. Qxd6 Bxd6 10. h3 Nge5 11. Nxe5 Bxe5 12. Bxe5 Nxe5 13. f4 Nc6 14. Nc3 Be6 15. 0-0-0 Rae8 16. g4 f5 17. Rg1 a5 18. a3 a4 19. Nxa4 Na5 20. Nc5 Bxc4 21. Nd7 Rf7 22. Ne5 Bb3 23. Nxf7 Bxd1 24. Ne5 Ba4 25. b4 Nb3+ 26. Kb2 Nd2 27. gxf5 Nxf1 28. Rxf1 Rd8 29. Kc3 Bb5 30. Rg1 Kf8 31. e4 Rd6 32. Rc1 Bc6 33. Nxc6 Rxc6+ 34. Kb2 Rxc1 35. Kxc1 Ke7 36. Kc2 Kf6 37. Kd3 g6 38. fxg6 hxg6 39. Kd4 Ke6 40. a4 1-0

[Event "IECG TE.2001.P.00908 email"]
[Site "IECG email"]
[Date "2001.12.09"]
[Round "?"]
[White "Fuernkranz, Johannes"]
[Black "Kipasso, Pablo"]
[Result "1-0"]
[WhiteElo "1834"]
[BlackElo "800"]
[PlyCount "33"]
[EventDate "2001.12.09"]
[EventType "tourn (corr)"]
[EventRounds "12"]
[SourceTitle "Corr 2008"]
[Source "ChessBase"]
[SourceDate "2008.06.24"]
[SourceVersion "1"]
[SourceVersionDate "2008.06.24"]
[SourceQuality "1"]

1. d4 Nf6 2. c4 e5 3. dxe5 Ng4 4. Bf4 Bb4+ 5. Nc3 Nc6 6. Nf3 Qe7 7. Qd5 Bxc3+ 8. bxc3 f6 9. exf6 Nxf6 10. Qd3 d6 11. g3 0-0 12. Bg2 Ne5 13. Nxe5 dxe5 14. Be3 Be6 15. Bxb7 Rad8 16. Qc2 Ng4 17. 0-0 1-0

[Event "IECG TE.2001.P.00908 email"]
[Site "IECG email"]
[Date "2001.12.09"]
[Round "?"]
[White "Rezek, Jakub"]
[Black "Kipasso, Pablo"]
[Result "1-0"]
[WhiteElo "1500"]
[BlackElo "800"]
[PlyCount "35"]
[EventDate "2001.12.09"]
[EventType "tourn (corr)"]
[EventRounds "12"]
[SourceTitle "Corr 2008"]
[Source "ChessBase"]
[SourceDate "2008.06.24"]
[SourceVersion "1"]
[SourceVersionDate "2008.06.24"]
[SourceQuality "1"]

1. d4 Nf6 2. c4 e5 3. dxe5 Ng4 4. e4 Nxe5 5. f4 Nbc6 6. fxe5 Qh4+ 7. Kd2 Qf4+ 8. Kc3 Qxe5+ 9. Kd2 Qd4+ 10. Ke1 Qxe4+ 11. Qe2 Qe6 12. Nf3 Bb4+ 13. Kf2 d6 14. Qxe6+ fxe6 15. Be3 0-0 16. a3 Bc5 17. Bxc5 dxc5 18. Nc3 1-0